Francia könyvkiállítás

Elmentve itt :
Bibliográfiai részletek
Dokumentumtípus: Cikk
Megjelent: 1997-02-26
Sorozat:Délmagyarország 87 No. 48
Kulcsszavak:Könyvkiállítás, francia
Online Access:http://dmarchiv.bibl.u-szeged.hu/79657
LEADER 00408nab a2200145 i 4500
001 delm79657
005 20191018125549.0
008 191018s1997 hu o 0|| hun d
040 |a SZTE Délmagyarország Archívum  |b hun 
041 |a hun 
245 0 0 |a Francia könyvkiállítás  |h [elektronikus dokumentum] 
260 |c 1997-02-26 
300 |a 6 
490 0 |a Délmagyarország  |v 87 No. 48 
695 |a Könyvkiállítás, francia